000 00487nam a22001937a 4500
003 MPLRDC
005 20220104114155.0
008 210129b ||||| |||| 00| 0 eng d
020 _a957-8837-37-2
082 _a782.8411 LSM-6
100 _a傅功振、刘富民 原著
245 _a唐太宗李世民
_c
250 _a初版二刷
260 _a
_b九仪出版社
_c1994
300 _b
490 _a电视小说. 9
650 _a李世民传记
942 _cBK
_o782.8411 LSM-6
999 _c5409
_d5399